Mathématiques en chaîne #2 - Mort subite - Statistiques

Statistiques générales
  • Ce quiz a été pris 7 093 fois
  • Le résultat moyen est 8 sur 16
Answers on the Grid
Answers color-coded by a green-red scale on the quiz's grid according to % correct below.
Départ
22
0
(0+2+3)2+√4
1
2
2-(2-22)
3
4
4+32
5
52-42-32
6
7
8
9
(9-6)2+√9
10
11
(112-92)÷2
12
(12-√1)x√1
13
(13-8)2
14
15
16
17
Gagné !
18
19
20
20√4-6
21
22
(22+13)÷5-2
23
24
25
25+√25
26
27
(27x3)÷32
28
29
30
30÷(30÷2)
31
32
33
34
34-4√25+√9
 
Statistiques - réponses
Réponse % Correct
Départ
22
93%
4
4+32
84%
13
(13-8)2
73%
25
25+√25
67%
2
2-(2-22)
67%
30
30÷(30÷2)
66%
0
(0+2+3)2+√4
51%
22
(22+13)÷5-2
47%
5
52-42-32
42%
27
(27x3)÷32
37%
9
(9-6)2+√9
31%
12
(12-√1)x√1
29%
11
(112-92)÷2
28%
20
20√4-6
18%
34
34-4√25+√9
16%
17
Gagné !
12%
Aucun quiz correspondant
Distribution des résultats
% des personnes avec chaque résultat
Percentile par nombre de réponses
Votre historique - résultats
Vous n’avez pas pris ce quiz